banner-ar

FOOD PACKAGING AND PRESERWATION / (Record no. 16336)

MARC details
000 -الفاتح
حقل البيانات ثابتة الطول 00370nam a2200133Ia 4500
008 - عناصر البيانات ثابتة الطول - معلومات عامة
حقل البيانات ثابتة الطول 140319s9999 xx 000 0 eng d
040 ## - مصدر الفهرسة
وكالة الفهرسة الأصلية GCL /
وكالة النسخ GCL
082 04 - رقم تصنيف ديوى العشرى
رقم التصنيف 664.0287
رقم المادة M F
100 1# - المدخل الرئيسى - إسم شخصى
الإسم الشخصى MALHLOUTHI, M
245 10 - بيان العنوان
العنوان FOOD PACKAGING AND PRESERWATION /
بيان المسئوليه,etc MALHLOUTHI, M
260 ## - PUBLICATION, DISTRIBUTION, ETC. (IMPRINT)
تاريخ النشر أو التوزيع 1994
300 ## - الوصف المادى
التعداد 275 P
260 ## - PUBLICATION, DISTRIBUTION, ETC. (IMPRINT)
-- [S.N] :
-- BLACKIE ACADEMIC & PROFESSIONAL ،
Holdings
حالة التراجع حالة الفقد حالة تلف ليس للاعارة المكان المؤقت الموقع الحالى تاريخ الاكتساب اجمالي اﻻعارات رقم الطلب الباركود تاريخ اخر مشاهدة تاريخ تفعيل السعر نوع وعاء كوها
        مكتبة القاهرة الكبرى مكتبة القاهرة الكبرى 03/26/2014   664.0287\M F 29740 03/26/2014 03/26/2014 كتاب

Powered By

EGPV